| 000 | 00886nam a22002057a 4500 | ||
|---|---|---|---|
| 999 |
_c62526 _d62526 |
||
| 005 | 20241128160116.0 | ||
| 008 | 241128s2015 ru ||||| |||| 00| 0 rus d | ||
| 020 | _a9785000575291X | ||
| 041 | _arus | ||
| 080 | _a159 M-60 | ||
| 100 |
_aМиллер Джон _eAвтор _923824 |
||
| 245 |
_a5 принципов проактивного мышления / _cДжон Миллер, пер. с анг. Елены Бузниковой |
||
| 264 |
_aМосква : _b Манн Иванов и Фербер, _c2015. |
||
| 300 |
_a144 стр.: _b22 cm. |
||
| 653 | _a5 принципов проактивного мышления | ||
| 653 | _aპროაქტიული აზროვნების 5 პრინციპი | ||
| 653 | _aფსიქოლოგია | ||
| 700 |
_aБузниковой, Елены _eმთარგმნელი _923825 |
||
| 942 |
_2udc _cBK |
||